| 000 | 00641nam a2200205 a 4500 | ||
|---|---|---|---|
| 003 | PILC | ||
| 005 | 20150112093430.0 | ||
| 008 | 100726s19uu xx 00 eng d | ||
| 020 | _a0471998826 | ||
| 050 |
_aHG 4515.3 _b.In58 2003 |
||
| 082 |
_aEcSFr 332.6 _bIn8 2003 |
||
| 100 |
_aAdams, Andrew T. _99782 |
||
| 245 |
_aInvestment mathematics / _cAndrew T. Adams ... [et al.]. |
||
| 260 |
_aWest Sussex, England : _bJohn Wiley & Sons Ltd, _c2003. |
||
| 300 |
_a419 pages : _billustration ; _c25 cm. |
||
| 650 |
_aInvestments - Mathematics _99783 |
||
| 700 |
_aBooth, Philip M. _99784 |
||
| 700 |
_aFreeth, Della S. _99785 |
||
| 942 |
_2lcc _cBK |
||
| 999 |
_c14333 _d14333 |
||